书目信息 |
| 题名: |
早期中国物理发展之回忆
|
|
| 作者: | 吴大猷 述 ;黄伟彦 , 戴念祖 , 叶铭汉 , 柳怀祖 整理 | |
| 分册: | ||
| 出版信息: | 上海 上海科学技术出版社 2006.10 |
|
| 页数: | 179页, [3] 页图版 | |
| 开本: | 21cm | |
| 丛书名: | ||
| 单 册: | ||
| 中图分类: | O4-092 | |
| 科图分类: | ||
| 主题词: | 物理学史--wu li xue shi--中国--近代 | |
| 电子资源: | ||
| ISBN: | 7-5323-6772-X | |
| 000 | 01067nam0 2200277 450 | |
| 001 | 012007449220 | |
| 005 | 20071106102246.78 | |
| 010 | @a7-5323-6772-X@dCNY20.00 | |
| 100 | @a20070924d2006 km y0chiy0120 ea | |
| 101 | 0 | @achi |
| 102 | @aCN@b310000 | |
| 105 | @aacf z 000yy | |
| 106 | @ar | |
| 200 | 1 | @a早期中国物理发展之回忆@Azao qi zhong guo wu li fa zhan zhi hui yi@f吴大猷述@Fwu da you shu@g黄伟彦, 叶铭汉, 戴念祖整理@Ghuang wei yan,ye ming han,dai nian zu zheng li@g柳怀祖编@Gliu huai zu bian |
| 210 | @a上海@c上海科学技术出版社@d2006.10 | |
| 215 | @a179页, [3] 页图版@c图, 肖像@d21cm | |
| 330 | @a本书共分六章,主要介绍了引言与自述、中国科学落后西方之缘由、物理学在中国萌芽之阶段、抗战期间物理学之发展等内容。 | |
| 606 | 0 | @a物理学史@Awu li xue shi@y中国@z近代 |
| 690 | @aO4-092@v4 | |
| 701 | 0 | @a吴大猷@Awu da you@4述 |
| 702 | 0 | @a黄伟彦@Ahuang wei yan@4整理 |
| 702 | 0 | @a戴念祖@Adai nian zu@4整理 |
| 702 | 0 | @a叶铭汉@Aye ming han@4整理 |
| 702 | 0 | @a柳怀祖@Aliu huai zu@4编 |
| 801 | 0 | @aCN@b@c20071106 |
| 905 | @b263019-21@dO4-092@eW768@f3 | |
| 早期中国物理发展之回忆/吴大猷述/黄伟彦, 叶铭汉, 戴念祖整理/柳怀祖编.-上海:上海科学技术出版社,2006.10 |
| 179页, [3] 页图版:图, 肖像;21cm |
| ISBN 7-5323-6772-X:CNY20.00 |
| 本书共分六章,主要介绍了引言与自述、中国科学落后西方之缘由、物理学在中国萌芽之阶段、抗战期间物理学之发展等内容。 |
| ● |
| 相关链接 |
|
|
|
正题名:早期中国物理发展之回忆
索取号:O4-092/W768
 
预约/预借
| 序号 | 登录号 | 条形码 | 馆藏地/架位号 | 状态 | 备注 |
| 1 | 263019 | 202630199 | 自科库401/401自科库 55排5列2层/ [索取号:O4-092/W768] | 在馆 | |
| 2 | 263020 | 202630206 | 自科库401/401自科库 55排5列2层/ [索取号:O4-092/W768] | 在馆 | |
| 3 | 263021 | 202630215 | 自科库401/401自科库 55排5列2层/ [索取号:O4-092/W768] | 在馆 |